[Event "10. Open Club Ajedrez Villaverde"]
[Site "Madrid ESP"]
[Date "2009.03.24"]
[Round "2.15"]
[White "Alcala Cuesta, Miguel"]
[Black "Chincoa Morilla, Pedro"]
[Result "1/2-1/2"]
[WhiteElo "1815"]
[BlackElo "1724"]
[PlyCount "154"]
[EventDate "2009.03.23"]
[EventType "swiss"]
[EventRounds "8"]
[EventCountry "ESP"]
[Source "lmi"]
[SourceDate "2009.03.23"]

1. d4 d5 2. c4 e6 3. Nf3 Nf6 4. Nc3 c6 5. e3 Nbd7 6. cxd5 exd5 7. Bd3 Bd6 8.
O-O O-O 9. a3 Re8 10. b4 a6 11. Rb1 Nf8 12. a4 Bg4 13. b5 axb5 14. axb5 c5 15.
dxc5 Bxc5 16. Be2 Bd6 17. Nd4 Bd7 18. Bb2 Ne4 19. Nb3 Nxc3 20. Bxc3 Be6 21. Bd4
Bc7 22. g3 Bh3 23. Re1 Ne6 24. Qc2 Rc8 25. Qb2 Bf5 26. Ra1 Be4 27. Nd2 Nxd4 28.
Qxd4 Bg6 29. Rec1 Bb6 30. Qb2 h6 31. Nf3 Be4 32. Nd4 Qd7 33. Bf1 Ra8 34. Rd1
Rxa1 35. Qxa1 Rc8 36. Rc1 Rxc1 37. Qxc1 Qc7 38. Qxc7 Bxc7 39. f3 Bg6 40. Bh3
Bb6 41. Bc8 f6 42. Bxb7 Bf7 43. Kf2 h5 44. Nf5 Be6 45. Ne7+ Kf7 46. Nxd5 Bxd5
47. Bxd5+ Ke7 48. Bc6 Ba7 49. Bd5 Bc5 50. h4 g5 51. hxg5 fxg5 52. Ke2 Kf6 53.
Kd3 h4 54. gxh4 gxh4 55. f4 h3 56. Bh1 Kf5 57. Ke2 Kg4 58. Bf3+ Kg3 59. f5 Kh4
60. f6 Kg5 61. f7 Kf6 62. Bd5 h2 63. b6 h1=Q 64. Bxh1 Kg7 65. b7 Bd6 66. Kf3
Kxf7 67. Ke4 Ke6 68. Bf3 Bb8 69. Bg4+ Ke7 70. Kf5 Ba7 71. e4 Bb8 72. e5 Bc7 73.
e6 Bb8 74. Ke4 Bc7 75. Kd5 Bh2 76. Kc6 Be5 77. Kb6 Bb8 1/2-1/2

[Event "10. Open Club Ajedrez Villaverde"]
[Site "Madrid ESP"]
[Date "2009.03.24"]
[Round "2.16"]
[White "Sierra Bermejo, Gregorio"]
[Black "Garcia Lopez, Fernando"]
[Result "1-0"]
[WhiteElo "1775"]
[BlackElo "1695"]
[PlyCount "94"]
[EventDate "2009.03.23"]
[EventType "swiss"]
[EventRounds "8"]
[EventCountry "ESP"]
[Source "lmi"]
[SourceDate "2009.03.23"]

1. c4 Nf6 2. Nc3 e6 3. g3 d5 4. cxd5 Nxd5 5. Bg2 Nxc3 6. bxc3 Nd7 7. d4 Nf6 8.
e4 Be7 9. Ne2 O-O 10. O-O Rb8 11. Qa4 a6 12. Qc2 b5 13. Rb1 Bb7 14. Bd2 c5 15.
Rfd1 Qc8 16. Bf4 Ra8 17. d5 exd5 18. exd5 Rd8 19. c4 b4 20. Bg5 h6 21. Be3 Ne8
22. Nf4 Nd6 23. Bh3 Qc7 24. Re1 Bc8 25. Bxc8 Nxc8 26. Nd3 a5 27. Qe2 Bd6 28.
Qg4 Kf8 29. Bc1 Ne7 30. Bb2 Ng6 31. Re2 Qd7 32. Qh5 Re8 33. Rbe1 Rxe2 34. Qxe2
Re8 35. Bxg7+ Kg8 36. Qxe8+ Qxe8 37. Rxe8+ Kxg7 38. Ra8 Ne5 39. Nxe5 Bxe5 40.
Rxa5 Bd6 41. Ra6 Bf8 42. f4 f5 43. h3 Kf7 44. g4 fxg4 45. hxg4 Ke7 46. Kg2 Kd7
47. Re6 Bd6 1-0

[Event "10. Open Club Ajedrez Villaverde"]
[Site "Madrid ESP"]
[Date "2009.03.24"]
[Round "2.17"]
[White "Cortijo Manso, Luis"]
[Black "Sierra Soria, Maria"]
[Result "0-1"]
[WhiteElo "1696"]
[BlackElo "1758"]
[PlyCount "86"]
[EventDate "2009.03.23"]
[EventType "swiss"]
[EventRounds "8"]
[EventCountry "ESP"]
[Source "lmi"]
[SourceDate "2009.03.23"]

1. e4 e5 2. Nf3 Nf6 3. Nc3 Bb4 4. d3 O-O 5. Bd2 Nc6 6. Be2 d6 7. O-O h6 8. a3
Bc5 9. h3 Ne7 10. Na4 Bb6 11. Nxb6 axb6 12. c3 Ng6 13. Re1 d5 14. exd5 Qxd5 15.
Bf1 Bf5 16. c4 Qd6 17. Bc3 Rfe8 18. Re3 e4 19. Nd4 Bd7 20. dxe4 Nxe4 21. Ne2
Nxc3 22. Rxe8+ Rxe8 23. Nxc3 Qc6 24. Qd5 Re5 25. Qxc6 Bxc6 26. b4 Nh4 27. a4
Bxg2 28. Bxg2 Rg5 29. Ne4 Rxg2+ 30. Kh1 f5 31. Ng3 Rxf2 32. Rd1 Nf3 33. Nf1 Rc2
34. Rd3 Ng5 35. Rd8+ Kh7 36. Rf8 Rxc4 37. Rxf5 Rc3 38. h4 Rh3+ 39. Kg2 Rxh4 40.
Ne3 Rd4 41. Nd5 Rd2+ 42. Kf1 Rc2 43. Re5 Rc4 0-1

[Event "10. Open Club Ajedrez Villaverde"]
[Site "Madrid ESP"]
[Date "2009.03.25"]
[Round "3.1"]
[White "Castano Vanegas, Henry Augusto"]
[Black "Martin Rodriguez, Emilio"]
[Result "1-0"]
[WhiteElo "1974"]
[BlackElo "2133"]
[PlyCount "47"]
[EventDate "2009.03.23"]
[EventType "swiss"]
[EventRounds "8"]
[EventCountry "ESP"]
[Source "lmi"]
[SourceDate "2009.03.23"]

1. e4 c6 2. d4 d5 3. f3 e6 4. Nc3 a6 5. Qd3 Nf6 6. Be3 Bb4 7. Nge2 b5 8. O-O-O
Bb7 9. g4 Bxc3 10. Nxc3 b4 11. Na4 dxe4 12. fxe4 Nbd7 13. Rg1 Qa5 14. b3 O-O-O
15. g5 Ne8 16. Kb2 Nc7 17. c4 bxc3+ 18. Nxc3 Nb5 19. Nxb5 cxb5 20. Bf4 e5 21.
dxe5 Nc5 22. Qc2 Qc7 23. Rc1 Ne6 24. Qxc7+ 1-0

[Event "10. Open Club Ajedrez Villaverde"]
[Site "Madrid ESP"]
[Date "2009.03.25"]
[Round "3.2"]
[White "Hinojar Diez, David"]
[Black "Adeyemi, Adedeji"]
[Result "1-0"]
[WhiteElo "2119"]
[BlackElo "1909"]
[PlyCount "139"]
[EventDate "2009.03.23"]
[EventType "swiss"]
[EventRounds "8"]
[EventCountry "ESP"]
[Source "lmi"]
[SourceDate "2009.03.23"]

1. e4 Nf6 2. e5 Nd5 3. c4 Nb6 4. d4 d6 5. exd6 exd6 6. Nf3 Be7 7. h3 O-O 8. Bd3
Bf6 9. O-O Re8 10. Bd2 Nc6 11. Bc3 d5 12. b3 g6 13. c5 Nd7 14. b4 a6 15. Nbd2
Nf8 16. Nb3 Ne6 17. Qd2 Ng5 18. Nxg5 Bxg5 19. f4 Bh6 20. Rae1 Be6 21. Qf2 f5
22. a4 Qf6 23. b5 axb5 24. axb5 Ne7 25. Re2 Ra3 26. Bc2 Bf7 27. Rfe1 Bf8 28.
Bb2 Ra2 29. Bb1 Ra4 30. Nc1 Rea8 31. Nd3 b6 32. Ne5 Be8 33. c6 Rd8 34. Bc2 Rb4
35. Bd3 Ra4 36. Nf3 Bf7 37. Bc2 Ra5 38. Bc3 Raa8 39. Ne5 Nc8 40. Nd7 Rxd7 41.
cxd7 Nd6 42. Bb4 Rd8 43. Bxd6 Bxd6 44. Re8+ Kg7 45. Rxd8 Qxd8 46. Bd3 Qxd7 47.
Qh4 h5 48. Qg5 Be6 49. Qh4 Be7 50. Qg3 Bf6 51. Qe3 Bf7 52. Rc1 Be8 53. Rc6 Qf7
54. Rc2 Qd7 55. Kh1 Qd8 56. Kh2 h4 57. Ra2 Bf7 58. Bf1 Qd6 59. Kh1 Qb4 60. Ra7
Qb1 61. Kg1 Qb2 62. Ra4 c6 63. Kh2 cxb5 64. Ra7 Qxd4 65. Qxd4 Bxd4 66. Bxb5 Bf2
67. Be8 Kf8 68. Bxf7 d4 69. Bxg6 d3 70. Bxf5 1-0

[Event "10. Open Club Ajedrez Villaverde"]
[Site "Madrid ESP"]
[Date "2009.03.25"]
[Round "3.3"]
[White "Camarero Izquierdo, Juan Carlos"]
[Black "Vukotic Jovsic, Dragan"]
[Result "1/2-1/2"]
[WhiteElo "1906"]
[BlackElo "1995"]
[PlyCount "104"]
[EventDate "2009.03.23"]
[EventType "swiss"]
[EventRounds "8"]
[EventCountry "ESP"]
[Source "lmi"]
[SourceDate "2009.03.23"]

1. e4 c5 2. Nf3 d6 3. d4 cxd4 4. Nxd4 Nf6 5. Nc3 Nc6 6. Bg5 Qa5 7. Bxf6 gxf6 8.
Nb3 Qd8 9. Qh5 Bg7 10. O-O-O Ne5 11. Be2 Be6 12. f4 Ng6 13. Rhf1 Qb6 14. f5
Bxb3 15. fxg6 Qe3+ 16. Kb1 Be6 17. Bb5+ Kf8 18. gxh7 a6 19. Bd3 Qg5 20. Qxg5
fxg5 21. e5 Bxe5 22. Ne4 Rxh7 23. Nxg5 Rh6 24. h4 Kg7 25. Nxe6+ Rxe6 26. g4 Rh6
27. h5 e6 28. Rf3 Rah8 29. Rdf1 Rf6 30. g5 Rxf3 31. h6+ Kg8 32. Rxf3 f5 33. Bc4
d5 34. Re3 dxc4 35. Rxe5 Kf7 36. Re1 Kg6 37. Rg1 Rd8 38. Kc1 e5 39. Rd1 Rd4 40.
c3 Rg4 41. Rh1 Kh7 42. Rh5 f4 43. g6+ Rxg6 44. Rxe5 Rf6 45. Kd2 Kxh6 46. b3 f3
47. Ke1 f2+ 48. Kf1 Rf3 49. bxc4 Rxc3 50. Re7 Kg5 51. Rxb7 Rxc4 52. Rb2 Kf4
1/2-1/2

[Event "10. Open Club Ajedrez Villaverde"]
[Site "Madrid ESP"]
[Date "2009.03.25"]
[Round "3.4"]
[White "Adedeji, Adekola"]
[Black "Vega Gomez, Francisco Borja"]
[Result "0-1"]
[WhiteElo "2001"]
[BlackElo "2231"]
[PlyCount "108"]
[EventDate "2009.03.23"]
[EventType "swiss"]
[EventRounds "8"]
[EventCountry "ESP"]
[Source "lmi"]
[SourceDate "2009.03.23"]

1. e4 d5 2. exd5 Qxd5 3. Nc3 Qa5 4. d4 Nf6 5. Bd3 Bg4 6. Qd2 Nc6 7. Nb5 Qxd2+
8. Bxd2 O-O-O 9. f3 Bh5 10. g4 Bg6 11. Bxg6 hxg6 12. c3 a6 13. Na3 e5 14. Ne2
exd4 15. O-O-O dxc3 16. Bxc3 Rxd1+ 17. Kxd1 Nd5 18. h4 Nxc3+ 19. Nxc3 Bxa3 20.
bxa3 Nd4 21. Rh3 Re8 22. Kd2 c6 23. f4 Kc7 24. h5 gxh5 25. Rxh5 g6 26. Rh7 Re7
27. Kd3 Nb5 28. Ne4 Rd7+ 29. Ke3 Nxa3 30. Ng5 Nc4+ 31. Ke4 Re7+ 32. Kd4 Nd6 33.
Kd3 c5 34. Nf3 c4+ 35. Kc2 Re2+ 36. Kc1 Re7 37. Ne5 g5 38. fxg5 Rxe5 39. g6 Rg5
40. gxf7 Nxf7 41. Rxf7+ Kc6 42. Rf4 Kd5 43. Kc2 b5 44. Kc3 a5 45. a3 Kc5 46.
Re4 b4+ 47. axb4+ axb4+ 48. Kc2 Kd5 49. Rf4 Re5 50. Rf8 Re2+ 51. Kd1 Rg2 52.
Rb8 b3 53. g5 Kd4 54. Rb5 Kc3 0-1

[Event "10. Open Club Ajedrez Villaverde"]
[Site "Madrid ESP"]
[Date "2009.03.25"]
[Round "3.5"]
[White "Martin-Consuegra Barrilero, Francisco Javier"]
[Black "Suarez Triguero, Jose Alfonso"]
[Result "1/2-1/2"]
[WhiteElo "1894"]
[BlackElo "2115"]
[PlyCount "38"]
[EventDate "2009.03.23"]
[EventType "swiss"]
[EventRounds "8"]
[EventCountry "ESP"]
[Source "lmi"]
[SourceDate "2009.03.23"]

1. d4 c5 2. d5 e5 3. e4 a6 4. a4 b6 5. Bd3 d6 6. Ne2 Be7 7. c3 Bg5 8. Nd2 Bxd2+
9. Bxd2 Ne7 10. Ng3 Ng6 11. O-O O-O 12. f4 exf4 13. Bxf4 Nxf4 14. Rxf4 Nd7 15.
Qc2 Ne5 16. Raf1 Ra7 17. Be2 b5 18. axb5 axb5 19. Bxb5 c4 1/2-1/2

[Event "10. Open Club Ajedrez Villaverde"]
[Site "Madrid ESP"]
[Date "2009.03.25"]
[Round "3.6"]
[White "Abul, Qasem"]
[Black "Fernandez Cabello, Emilio"]
[Result "1-0"]
[WhiteElo "2026"]
[BlackElo "1857"]
[PlyCount "69"]
[EventDate "2009.03.23"]
[EventType "swiss"]
[EventRounds "8"]
[EventCountry "ESP"]
[Source "lmi"]
[SourceDate "2009.03.23"]

1. e4 e6 2. d4 d5 3. Nc3 Nf6 4. e5 Nfd7 5. f4 c5 6. Nf3 Nc6 7. Bd3 cxd4 8. Nb5
Nc5 9. Nbxd4 Nxd3+ 10. Qxd3 a6 11. Be3 Bd7 12. O-O-O Rc8 13. Kb1 Nb4 14. Qe2
Bc5 15. a3 Bxd4 16. Nxd4 Nc6 17. Nf3 Na5 18. Nd4 Nc6 19. Bc1 b5 20. b3 Na5 21.
Bb2 Nc6 22. Nf3 O-O 23. Ng5 h6 24. h4 f6 25. exf6 gxf6 26. Nxe6 Qe7 27. f5 Bxe6
28. fxe6 Ne5 29. Qh5 Qxe6 30. Qxh6 Qf7 31. Qd2 Rc5 32. Bd4 Rc6 33. Rhf1 Qh7 34.
Bxe5 fxe5 35. Qxd5+ 1-0

[Event "10. Open Club Ajedrez Villaverde"]
[Site "Madrid ESP"]
[Date "2009.03.25"]
[Round "3.7"]
[White "Alonso Aranzabal, Iñigo"]
[Black "Keller, August"]
[Result "1-0"]
[WhiteElo "2082"]
[BlackElo "1789"]
[PlyCount "57"]
[EventDate "2009.03.23"]
[EventType "swiss"]
[EventRounds "8"]
[EventCountry "ESP"]
[Source "lmi"]
[SourceDate "2009.03.23"]

1. e4 c5 2. c3 d6 3. d4 Nf6 4. dxc5 dxc5 5. Qxd8+ Kxd8 6. e5 Ng4 7. Nf3 Nc6 8.
Bf4 g5 9. Nxg5 Ngxe5 10. Na3 h6 11. O-O-O+ Bd7 12. Ne4 b6 13. Bxe5 Nxe5 14. f4
Nc6 15. Bc4 Rh7 16. Rd2 a6 17. Rhd1 Ra7 18. Bxa6 Rxa6 19. Rxd7+ Kc8 20. Nb5 Kb8
21. Rc7 Ra5 22. Rxc6 Rxb5 23. Rd7 Rg7 24. g3 f5 25. Nd2 e5 26. Rxg7 Bxg7 27.
fxe5 Bxe5 28. Nc4 Bc7 29. a4 1-0

[Event "10. Open Club Ajedrez Villaverde"]
[Site "Madrid ESP"]
[Date "2009.03.25"]
[Round "3.8"]
[White "Corral Aragon, Juan Maria"]
[Black "Vazquez Gonzalez, Jesus"]
[Result "0-1"]
[WhiteElo "1821"]
[BlackElo "2044"]
[PlyCount "105"]
[EventDate "2009.03.23"]
[EventType "swiss"]
[EventRounds "8"]
[EventCountry "ESP"]
[Source "lmi"]
[SourceDate "2009.03.23"]

1. e4 g6 2. h4 d5 3. e5 d4 4. Bc4 Nc6 5. f4 Na5 6. Be2 h5 7. b4 Nc6 8. b5 Nb4
9. a3 Nd5 10. g3 c5 11. c4 dxc3 12. Nxc3 Nxc3 13. dxc3 Bf5 14. Qxd8+ Rxd8 15.
Be3 b6 16. Rd1 f6 17. Bc4 Bg7 18. Bf7+ Kxf7 19. Rxd8 fxe5 20. fxe5 Bxe5 21. Ne2
Bc7 22. Ra8 Bd3 23. Rxa7 Bb8 24. Rb7 Nf6 25. Rf1 Bxb5 26. Bg5 Be5 27. Rxb6 Bxe2
28. Kxe2 Bxc3 29. Bxf6 exf6 30. Kd3 Bd4 31. Kc4 Ra8 32. Rf3 Ra7 33. Kd5 Rd7+
34. Kc6 Ke6 35. Rb8 Rd6+ 36. Kb5 Kd5 37. Rf1 Ke4 38. Kc4 f5 39. Rc1 Be3 40.
Re8+ Kf3 41. Rc3 Rd4+ 42. Kb5 Re4 43. Rxe4 fxe4 44. a4 Ke2 45. Rc4 Bd4 46. a5
e3 47. a6 Kd2 48. a7 e2 49. a8=Q e1=Q 50. Qa5+ Ke2 51. Qa2+ Kf1 52. Qa3 Kg2 53.
Qa8+ 0-1

[Event "10. Open Club Ajedrez Villaverde"]
[Site "Madrid ESP"]
[Date "2009.03.25"]
[Round "3.9"]
[White "Fuentes Arjona, Antonio"]
[Black "Sierra Bermejo, Gregorio"]
[Result "1-0"]
[WhiteElo "2043"]
[BlackElo "1775"]
[PlyCount "119"]
[EventDate "2009.03.23"]
[EventType "swiss"]
[EventRounds "8"]
[EventCountry "ESP"]
[Source "lmi"]
[SourceDate "2009.03.23"]

1. Nf3 Nf6 2. c4 g6 3. Nc3 Bg7 4. g3 O-O 5. Bg2 Nc6 6. d4 d5 7. cxd5 Nxd5 8.
O-O Nb6 9. d5 Na5 10. e4 Nac4 11. Qc2 Bg4 12. b3 Bxf3 13. Bxf3 Ne5 14. Bg2 Qd7
15. Ba3 a6 16. Rab1 Rfe8 17. Rfd1 Rac8 18. Bc5 Qg4 19. Qe2 Nbd7 20. f3 Qh5 21.
Be3 f5 22. Rbc1 b5 23. f4 Qxe2 24. Nxe2 Ng4 25. Bd4 Bxd4+ 26. Nxd4 Ne3 27. Re1
Nxg2 28. Kxg2 fxe4 29. Rxe4 Nf8 30. Nc6 Kf7 31. Rce1 e6 32. Ne5+ Ke7 33. dxe6
c5 34. Nf3 h6 35. Ne5 Red8 36. Nf3 Rd6 37. Nh4 Rd2+ 38. R1e2 Rcd8 39. f5 R8d4
40. fxg6 Rxe4 41. Rxd2 Nxe6 42. Nf5+ Kf6 43. Nh4 Nd4 44. Rf2+ Kg7 45. h3 Re7
46. g4 Re2 47. Nf5+ Kxg6 48. Nxd4 Rxf2+ 49. Kxf2 cxd4 50. h4 Kf6 51. Ke2 Ke6
52. Kd3 Ke5 53. b4 Kf4 54. g5 hxg5 55. hxg5 Kxg5 56. Kxd4 Kf6 57. Kc5 Ke7 58.
Kb6 Kd7 59. Kxa6 Kc6 60. Ka5 1-0

[Event "10. Open Club Ajedrez Villaverde"]
[Site "Madrid ESP"]
[Date "2009.03.25"]
[Round "3.10"]
[White "Sierra Soria, Maria"]
[Black "Lozano Sanchez, Jose Antonio"]
[Result "1-0"]
[WhiteElo "1758"]
[BlackElo "1958"]
[PlyCount "109"]
[EventDate "2009.03.23"]
[EventType "swiss"]
[EventRounds "8"]
[EventCountry "ESP"]
[Source "lmi"]
[SourceDate "2009.03.23"]

1. c4 e5 2. Nc3 Nc6 3. Nf3 Bc5 4. a3 a5 5. e3 Nf6 6. d4 exd4 7. exd4 Ba7 8. Be2
d6 9. h3 h6 10. O-O O-O 11. Be3 Re8 12. Re1 Bf5 13. Bd3 Qd7 14. Bxf5 Qxf5 15.
Qb3 Qd7 16. Rad1 Ne7 17. c5 c6 18. cxd6 Qxd6 19. Ne5 Qe6 20. Qxe6 fxe6 21. Na4
Nfd5 22. Nc5 Nxe3 23. Rxe3 Nf5 24. Rc3 Bxc5 25. dxc5 Rad8 26. Rcd3 Rd5 27. Rxd5
exd5 28. Nd3 Re2 29. Kf1 Rc2 30. Re1 Nd4 31. Rc1 Rd2 32. Rc3 Rd1+ 33. Ne1 Kf7
34. Rd3 Rxd3 35. Nxd3 Kf6 36. Ke1 Kf5 37. Kd2 Ke4 38. Kc3 Ne2+ 39. Kd2 Nf4 40.
f3+ Kf5 41. g4+ Kg5 42. h4+ Kxh4 43. Nxf4 Kg3 44. Ke3 d4+ 45. Ke4 g5 46. Ne2+
Kf2 47. Nxd4 Ke1 48. Nb3 a4 49. Na5 Kd2 50. b3 axb3 51. Nxb3+ Kc3 52. Na5 Kb2
53. Nxb7 Kxa3 54. Na5 Kb4 55. Nxc6+ 1-0

[Event "10. Open Club Ajedrez Villaverde"]
[Site "Madrid ESP"]
[Date "2009.03.25"]
[Round "3.15"]
[White "Hernandez Del Can, Jose"]
[Black "Ananian, Arman"]
[Result "1-0"]
[WhiteElo "1848"]
[BlackElo "1702"]
[PlyCount "92"]
[EventDate "2009.03.23"]
[EventType "swiss"]
[EventRounds "8"]
[EventCountry "ESP"]
[Source "lmi"]
[SourceDate "2009.03.23"]

1. Nf3 Nf6 2. c4 Nc6 3. g3 e6 4. Nc3 Bb4 5. Bg2 d5 6. cxd5 exd5 7. d4 Be6 8.
Bg5 h6 9. Bxf6 Qxf6 10. O-O O-O 11. a3 Bxc3 12. bxc3 Rfd8 13. Nd2 Bf5 14. e4
dxe4 15. Nxe4 Bxe4 16. Bxe4 Rab8 17. Rb1 Na5 18. Qd3 b6 19. Qa6 Qe7 20. Bg2
Qxa3 21. Qxa7 Rdc8 22. Rfc1 Qd6 23. Qa6 Re8 24. Qb5 c6 25. Qa4 c5 26. Rd1 cxd4
27. cxd4 Re2 28. Qb5 Rc2 29. Qd3 Ra2 30. Qf5 Re2 31. Be4 Qg6 32. Qxg6 fxg6 33.
Bxg6 Re6 34. Bf5 Rd6 35. Rb5 Nc6 36. Rd5 Rbd8 37. Rxd6 Rxd6 38. d5 Ne7 39. Be6+
Kh7 40. f4 Kg6 41. g4 Kf6 42. h4 g5 43. fxg5+ hxg5 44. h5 Kg7 45. Kg2 Kh6 46.
Kg3 Rd8 1-0

[Event "10. Open Club Ajedrez Villaverde"]
[Site "Madrid ESP"]
[Date "2009.03.25"]
[Round "3.17"]
[White "Chincoa Morilla, Pedro"]
[Black "Martinez Miura, Enrique"]
[Result "0-1"]
[WhiteElo "1724"]
[BlackElo "1735"]
[PlyCount "74"]
[EventDate "2009.03.23"]
[EventType "swiss"]
[EventRounds "8"]
[EventCountry "ESP"]
[Source "lmi"]
[SourceDate "2009.03.23"]

1. e4 e6 2. d4 d5 3. Nc3 Nf6 4. Bg5 Be7 5. e5 Nfd7 6. Bxe7 Qxe7 7. f4 a6 8. Nf3
c5 9. dxc5 Nxc5 10. Nd4 Nc6 11. Be2 Bd7 12. O-O Nxd4 13. Qxd4 Bc6 14. f5 exf5
15. Rxf5 Ne6 16. Qd2 Qc5+ 17. Rf2 d4 18. Nd1 Qxe5 19. Bd3 Qg5 20. Qe2 O-O 21.
Rf5 Qd8 22. Qg4 g6 23. Nf2 Qd7 24. Ne4 Bxe4 25. Bxe4 Nc5 26. Rf4 f5 27. Bxf5
Rxf5 28. Rxd4 Rd5 29. Qxd7 Rxd7 30. Rc4 Ne6 31. c3 Rf8 32. Re1 Rd2 33. Rce4 Nc5
34. R4e2 Rxe2 35. Rxe2 Rf7 36. h3 Kf8 37. Re4 Nxe4 0-1

[Event "10. Open Club Ajedrez Villaverde"]
[Site "Madrid ESP"]
[Date "2009.03.25"]
[Round "3.18"]
[White "Garcia Lopez, Fernando"]
[Black "Vazquez Moreno, Luis"]
[Result "1/2-1/2"]
[WhiteElo "1695"]
[BlackElo "1707"]
[PlyCount "75"]
[EventDate "2009.03.23"]
[EventType "swiss"]
[EventRounds "8"]
[EventCountry "ESP"]
[Source "lmi"]
[SourceDate "2009.03.23"]

1. e4 c5 2. Nf3 Nc6 3. Bb5 g6 4. Bxc6 dxc6 5. h3 Bg7 6. d3 Nf6 7. O-O O-O 8. e5
Nd5 9. Re1 Be6 10. a3 a5 11. Bd2 Qb6 12. b3 a4 13. c4 axb3 14. Ng5 Nc7 15. Nxe6
Nxe6 16. Bc3 Nd4 17. Bxd4 cxd4 18. Nd2 b2 19. Ra2 c5 20. Qb3 Qxb3 21. Nxb3 b6
22. f4 Ra4 23. Nd2 Rb8 24. Ne4 f5 25. exf6 exf6 26. Rxb2 Rxa3 27. Nxc5 Rc8 28.
Nb3 f5 29. Nc1 Rc6 30. Rb3 Bf8 31. Rxa3 Bxa3 32. Nb3 Bc5 33. Nxc5 bxc5 34. Kf2
Kf7 35. g3 Re6 36. Rxe6 Kxe6 37. Kf3 h5 38. h4 1/2-1/2

[Event "10. Open Club Ajedrez Villaverde"]
[Site "Madrid ESP"]
[Date "2009.03.26"]
[Round "4.1"]
[White "Castano Vanegas, Henry Augusto"]
[Black "Hinojar Diez, David"]
[Result "1/2-1/2"]
[WhiteElo "1974"]
[BlackElo "2119"]
[PlyCount "65"]
[EventDate "2009.03.23"]
[EventType "swiss"]
[EventRounds "8"]
[EventCountry "ESP"]
[Source "lmi"]
[SourceDate "2009.03.23"]

1. e4 c5 2. Nf3 d6 3. Bb5+ Bd7 4. Bxd7+ Qxd7 5. c4 e6 6. d4 cxd4 7. Nxd4 Be7 8.
O-O Nf6 9. Nc3 O-O 10. Qe2 Nc6 11. Be3 a6 12. f4 Rfe8 13. f5 Nxd4 14. Bxd4 Rac8
15. Rac1 b5 16. fxe6 Qxe6 17. cxb5 axb5 18. Qxb5 Nxe4 19. Rce1 Nxc3 20. bxc3
Rb8 21. Qh5 Qxa2 22. Re2 Qc4 23. Rfe1 Rb5 24. Qg4 Re5 25. Qd7 Rd8 26. Qg4 Bf8
27. Rxe5 dxe5 28. Rxe5 Ra8 29. Re1 Qd3 30. h4 Rb8 31. Qf4 Rb1 32. Rxb1 Qxb1+
33. Kh2 1/2-1/2

[Event "10. Open Club Ajedrez Villaverde"]
[Site "Madrid ESP"]
[Date "2009.03.26"]
[Round "4.2"]
[White "Vega Gomez, Francisco Borja"]
[Black "Camarero Izquierdo, Juan Carlos"]
[Result "0-1"]
[WhiteElo "2231"]
[BlackElo "1906"]
[PlyCount "63"]
[EventDate "2009.03.23"]
[EventType "swiss"]
[EventRounds "8"]
[EventCountry "ESP"]
[Source "lmi"]
[SourceDate "2009.03.23"]

1. Nf3 c5 2. g3 d5 3. Bg2 Nc6 4. d4 cxd4 5. Nxd4 e5 6. Nxc6 bxc6 7. c4 Bb4+ 8.
Bd2 Bxd2+ 9. Qxd2 Nf6 10. cxd5 cxd5 11. Qb4 Qe7 12. Qxe7+ Kxe7 13. Nc3 Be6 14.
O-O-O Rac8 15. Kb1 d4 16. Nb5 Bf5+ 17. Ka1 Rc2 18. f4 Rb8 19. a4 a6 20. fxe5
axb5 21. exf6+ gxf6 22. a5 b4 23. Rxd4 Rxe2 24. g4 Bc2 25. Bc6 Re5 26. Rd7+ Kf8
27. Ra7 b3 28. h4 Rb4 29. g5 Ree4 30. Ra8+ Kg7 31. gxf6+ Kh6 32. Re8 0-1

[Event "10. Open Club Ajedrez Villaverde"]
[Site "Madrid ESP"]
[Date "2009.03.26"]
[Round "4.3"]
[White "Vukotic Jovsic, Dragan"]
[Black "Abul, Qasem"]
[Result "1/2-1/2"]
[WhiteElo "1995"]
[BlackElo "2026"]
[PlyCount "77"]
[EventDate "2009.03.23"]
[EventType "swiss"]
[EventRounds "8"]
[EventCountry "ESP"]
[Source "lmi"]
[SourceDate "2009.03.23"]

1. d4 Nf6 2. Bf4 d6 3. Nf3 h6 4. h3 c5 5. dxc5 Qa5+ 6. Nc3 Qxc5 7. Qd2 Nc6 8.
e4 Qa5 9. Bc4 a6 10. O-O e5 11. Be3 Bd7 12. a3 b5 13. Bb3 Rc8 14. Nh4 Qc7 15.
Rad1 Na5 16. Nf5 Bxf5 17. exf5 Nc4 18. Bxc4 Qxc4 19. f4 Be7 20. Rf3 O-O 21.
fxe5 dxe5 22. Bxh6 Rfd8 23. Qg5 Rxd1+ 24. Nxd1 Bf8 25. Ne3 Qc6 26. Bxg7 Bxg7
27. Rg3 Ne8 28. Ng4 Kf8 29. f6 Bxf6 30. Nxf6 Qxf6 31. Qd2 Qd6 32. Rd3 Qc5+ 33.
Kh1 Qxc2 34. Qh6+ Ke7 35. Qg5+ Ke6 36. Qg4+ f5 37. Qg8+ Ke7 38. Qh7+ Ke6 39.
Qg8+ 1/2-1/2

[Event "10. Open Club Ajedrez Villaverde"]
[Site "Madrid ESP"]
[Date "2009.03.26"]
[Round "4.4"]
[White "Martin Rodriguez, Emilio"]
[Black "Fuentes Arjona, Antonio"]
[Result "1/2-1/2"]
[WhiteElo "2133"]
[BlackElo "2043"]
[PlyCount "110"]
[EventDate "2009.03.23"]
[EventType "swiss"]
[EventRounds "8"]
[EventCountry "ESP"]
[Source "lmi"]
[SourceDate "2009.03.23"]

1. d4 Nf6 2. c4 d5 3. cxd5 c6 4. dxc6 Nxc6 5. Nf3 e5 6. e3 e4 7. Nfd2 Be6 8.
Nc3 Bb4 9. a3 Qa5 10. Qc2 Rc8 11. Rb1 Be7 12. Ndxe4 Nxe4 13. Qxe4 Bf5 14. b4
Bxe4 15. bxa5 Bxb1 16. Nxb1 Nxd4 17. Bb2 Nc2+ 18. Kd2 Bf6 19. Bxf6 gxf6 20. Bd3
Na1 21. a6 Nb3+ 22. Ke2 Nc1+ 23. Rxc1 Rxc1 24. axb7 Kd7 25. Nd2 Kc7 26. Nc4 Rb8
27. h4 Rxb7 28. g3 h6 29. Kf3 Rb3 30. Be2 Rbc3 31. Nd2 Rxa3 32. Ne4 Ra2 33. Bd3
Ra3 34. Be2 Rc2 35. Nxf6 Rxe2 36. Kxe2 Ra2+ 37. Kf3 Ra6 38. Nd5+ Kd6 39. Nb4
Rb6 40. Nc2 Rb5 41. g4 a5 42. g5 hxg5 43. h5 Ke5 44. Kg4 f6 45. h6 Rb8 46. Kh5
Kf5 47. Nd4+ Ke4 48. Kg6 a4 49. h7 Rh8 50. Kg7 Rxh7+ 51. Kxh7 a3 52. Kg6 a2 53.
Nb3 Kf3 54. Kxf6 Kxf2 55. Kxg5 Kxe3 1/2-1/2

[Event "10. Open Club Ajedrez Villaverde"]
[Site "Madrid ESP"]
[Date "2009.03.26"]
[Round "4.5"]
[White "Suarez Triguero, Jose Alfonso"]
[Black "Lopez Heras, Arturo"]
[Result "1-0"]
[WhiteElo "2115"]
[BlackElo "1943"]
[PlyCount "99"]
[EventDate "2009.03.23"]
[EventType "swiss"]
[EventRounds "8"]
[EventCountry "ESP"]
[Source "lmi"]
[SourceDate "2009.03.23"]

1. e4 e5 2. Bc4 Nf6 3. d3 Bc5 4. Nf3 d6 5. Nc3 h6 6. Be3 Bb6 7. Nd5 Nxd5 8.
Bxd5 c6 9. Bb3 O-O 10. c3 Bg4 11. h3 Bh5 12. g4 Bg6 13. Qd2 Qf6 14. Qe2 Bxe3
15. fxe3 Nd7 16. O-O Nc5 17. g5 Qe7 18. gxh6 gxh6 19. Kh2 Nxb3 20. axb3 a6 21.
Rg1 Kh8 22. Qf2 Qf6 23. Qh4 Qxh4 24. Nxh4 Kh7 25. Rad1 Rg8 26. Rdf1 d5 27. exd5
cxd5 28. Nxg6 fxg6 29. Rf7+ Rg7 30. Rf6 Rd8 31. Rgf1 Rdd7 32. Kg3 Rge7 33. Rf8
e4 34. d4 Rc7 35. R1f6 Rg7 36. Rd6 Rcd7 37. Rxd7 Rxd7 38. c4 Kg7 39. Rf2 Rd6
40. cxd5 Rxd5 41. Rc2 Rb5 42. Kf4 Rxb3 43. Kxe4 Kf6 44. Rf2+ Ke7 45. h4 Rb6 46.
d5 Rb4+ 47. Ke5 Rxh4 48. d6+ Ke8 49. e4 Rh5+ 50. Ke6 1-0